[Event "N4-R7- M1 CASTRES/CAHORS"]
[Site "?"]
[Date "2005.04.03"]
[Round "?"]
[White "Salvignac, Remy"]
[Black "Martinez, Loïc"]
[Result "1/2-1/2"]
[WhiteElo "1610"]
[BlackElo "1910"]
[PlyCount "96"]

1.d4 Nf6 2.Nf3 b6 3.e3 Bb7 4.Bd3 e6 5.Nbd2 d5 6.b3 Nbd7 7.Bb2 c5 8.c3 Rc8 
9.Rc1 Bd6 10.h3 e5 11.dxe5 Nxe5 12.Nxe5 Bxe5 13.Nf3 Bb8 14.c4 Qe7 15.O-O 
O-O 16.Re1 Rcd8 17.Qe2 h6 18.Bb1 Rfe8 19.Rcd1 Qe6 20.Qc2 dxc4 21.Rxd8 Rxd8
22.Bxf6 Qxf6 23.Qxc4 Bxf3 24.gxf3 Qxf3 25.Qg4 Qf6 26.Kf1 g6 27.Qc4 Bg3 28.
Qe2 Bh4 29.Be4 Rd6 30.Qf3 Qe5 31.Bb1 Rf6 32.Qa8+ Kg7 33.Re2 Qg3 34.Qg2 
Qxg2+ 35.Kxg2 Rd6 36.Bc2 Bf6 37.Kf3 Bc3 38.Ke4 f5+ 39.Kf4 Kf6 40.e4 g5+ 
41.Kf3 fxe4+ 42.Bxe4 Rd1 43.Kg2 h5 44.Bf3 h4 45.Bg4 Rd2 46.Re6+ Kf7 47.Re2
Rd8 48.Kf3 b5 1/2-1/2

[Event "N4-R7- CASTRES/CAHORS"]
[Site "?"]
[Date "2005.04.03"]
[Round "?"]
[White "Pantioukhine, Slava"]
[Black "Thamier, Stephan"]
[Result "0-1"]
[WhiteElo "2260"]
[BlackElo "1890"]
[PlyCount "76"]

1.d4 d5 2.Nd2 Nf6 3.e3 Bf5 4.c4 dxc4 5.Bxc4 e6 6.Ne2 Be7 7.Ng3 Bg6 8.O-O 
O-O 9.f4 c5 10.Qf3 Nc6 11.dxc5 Bxc5 12.a3 a6 13.Nde4 Nxe4 14.Nxe4 Ba7 15.
Nf2 Qc7 16.Ba2 Rad8 17.b4 Qe7 18.Bb3 Rd7 19.Bb2 Rd2 20.Bc3 Rd7 21.g4 f6 
22.Rad1 Bf7 23.Rxd7 Qxd7 24.Rd1 Qe7 25.Bc4 Rd8 26.Bd3 f5 27.gxf5 exf5 28.
Re1 Bg6 29.Bxa6 bxa6 30.Qxc6 Rd6 31.Qc8+ Be8 32.Be5 Rc6 33.Qxf5 Bd7 34.Qd3
Rg6+ 35.Kh1 Bc6+ 36.e4 Bxf2 37.Rd1 Bb6 38.Qc4+ Qe6 0-1

[Event "N4-R7- CASTRES/CAHORS"]
[Site "?"]
[Date "2005.04.03"]
[Round "?"]
[White "Nivat, Alain"]
[Black "Kousnetsoff, Dimitri"]
[Result "1/2-1/2"]
[WhiteElo "1893"]
[BlackElo "2070"]
[PlyCount "76"]

1.e4 c5 2.d4 e6 3.d5 d6 4.Nc3 Nf6 5.Nf3 exd5 6.exd5 Nbd7 7.Bd3 Be7 8.O-O 
O-O 9.Re1 a6 10.a4 Re8 11.Bg5 b6 12.Qd2 Bb7 13.Qf4 Rc8 14.Qh4 Nf8 15.Rad1 
Ng6 16.Bxg6 hxg6 17.h3 Qd7 18.Nh2 Rc7 19.Ng4 Nh7 20.Bxe7 Rxe7 21.Ne3 Qe8 
22.Qg3 b5 23.axb5 axb5 24.Qxd6 b4 25.Qg3 Rcd7 26.d6 Re6 27.Nb5 Qd8 28.Nc7 
Rexd6 29.Rxd6 Rxd6 30.Ned5 Bc6 31.Ne7+ Kf8 32.Nxc6 Qxc7 33.Na7 Qd7 34.Nb5 
Rb6 35.c4 bxc3 36.Nxc3 Rxb2 37.Rd1 Qc8 38.Qd6+ Kg8 1/2-1/2

[Event "N4-R7- CASTRES/CAHORS"]
[Site "?"]
[Date "2005.04.03"]
[Round "?"]
[White "Delmas, Jean"]
[Black "Carivenc, Thierry"]
[Result "0-1"]
[WhiteElo "1550"]
[BlackElo "1750"]
[PlyCount "150"]

1.e4 g6 2.d4 Bg7 3.c3 d6 4.f4 Nf6 5.Bd3 O-O 6.Nf3 Nbd7 7.O-O e5 8.fxe5 
dxe5 9.Bg5 Qe8 10.Re1 h6 11.Bd2 Kh7 12.Na3 Ng8 13.Nc4 f6 14.Ne3 Qd8 15.Rf1
Nc5 16.Bc2 Ne6 17.Be1 c6 18.Bg3 exd4 19.cxd4 Ne7 20.Rc1 Kh8 21.Qd2 b6 22.
Rcd1 Ba6 23.Rf2 h5 24.h4 Bh6 25.Qe1 Qd7 26.d5 cxd5 27.Nxd5 Nxd5 28.exd5 
Nf4 29.Bxf4 Bxf4 30.Qe6 Qd6 31.Qxd6 Bxd6 32.Bxg6 Rg8 33.Bxh5 Rg7 34.g4 Bc5
35.Nd4 Rd7 36.Rxf6 Rxd5 37.Rh6+ Kg8 38.Rg6+ Kh7 39.Kg2 Bxd4 40.Re6 Re5 41.
Rxe5 Bxe5 42.Rd7+ Kh8 43.b3 Bb5 44.Rf7 Bc6+ 45.Kh3 Rd8 46.Bg6 Rd2 47.g5 
Bd7+ 48.Bf5 Rh2+ 49.Kg4 Rg2+ 50.Kf3 Bc6+ 51.Ke3 Rg3+ 52.Kf2 Rf3+ 53.Ke2 
Kg8 54.g6 Bd4 55.Kd2 Bd5 56.Bg4 Rxf7 57.gxf7+ Kxf7 58.Kd3 Be5 59.Ke3 Ke7 
60.Bf3 Kd6 61.Bxd5 Kxd5 62.Kd3 Kc5 63.a3 Bb2 64.h5 Bxa3 65.Kc2 Kd4 66.h6 
Bf8 67.h7 Bg7 68.Kb2 a5 69.Ka3 b5 70.b4 a4 71.Kb2 Kc4+ 72.Ka3 Bh8 73.Ka2 
Kxb4 74.Kb1 Kb3 75.Kc1 a3 0-1

[Event "N4-R7- CASTRES/CAHORS"]
[Site "?"]
[Date "2005.04.03"]
[Round "?"]
[White "Cazals, Philippe"]
[Black "Adiba, Jean-Claude"]
[Result "0-1"]
[WhiteElo "1860"]
[BlackElo "1540"]
[PlyCount "102"]

1.f4 d5 2.Nf3 Bg4 3.e3 Nf6 4.h3 Bxf3 5.Qxf3 e6 6.g4 Be7 7.b3 Ne4 8.g5 Qd7 
9.Bb2 Rg8 10.Nc3 Nxc3 11.Bxc3 Nc6 12.Bg2 O-O-O 13.a3 f5 14.h4 Nb8 15.O-O 
h6 16.a4 hxg5 17.hxg5 g6 18.Rfb1 Qc6 19.Qe2 Nd7 20.b4 Qc4 21.Qxc4 dxc4 22.
Bf1 Nb6 23.a5 Nd5 24.Bxc4 Nxc3 25.Bxe6+ Kb8 26.Bxg8 Nxb1 27.Bf7 Nxd2 28.
Bxg6 Bxb4 29.Bxf5 Nf3+ 30.Kf2 Nh4 31.Bd3 Rf8 32.Kg3 Rh8 33.e4 Bd2 34.Ra3 
Be1+ 35.Kg4 Ng6 36.Kf5 Ne7+ 37.Kf6 Rh4 38.f5 Nc6 39.g6 Rh6 40.Kg7 Bd2 41.
f6 Ne5 42.f7 Rxg6+ 43.Kh7 Bb4 44.Ra1 Rf6 45.Rg1 Rxf7+ 46.Kg8 a6 47.Rg5 Re7
48.Rf5 Bxa5 49.Kf8 Bb4 50.Kg8 a5 51.Rf1 Ng4 0-1

[Event "N4-R7- CASTRES/CAHORS"]
[Site "?"]
[Date "2005.04.03"]
[Round "?"]
[White "Andre, Yves"]
[Black "Sandel, Fieder"]
[Result "0-1"]
[WhiteElo "1140"]
[BlackElo "1510"]
[PlyCount "72"]

1.d4 Nf6 2.c4 e6 3.Nc3 Bb4 4.Bd2 c5 5.Nf3 cxd4 6.Nxd4 d5 7.e3 O-O 8.a3 Be7
9.h3 Nbd7 10.Be2 Ne5 11.O-O Nxc4 12.Bxc4 dxc4 13.a4 Bd7 14.Qe2 Rc8 15.Qf3 
e5 16.Nc2 Bxh3 17.Qxh3 Qxd2 18.Rac1 Qd6 19.e4 a6 20.Rfd1 Qc6 21.Ne3 b5 22.
axb5 axb5 23.Ra1 b4 24.Ne2 Nxe4 25.Qg4 g6 26.f3 Nf6 27.Qh3 Kg7 28.Qh2 Qc5 
29.Qg3 Qxe3+ 30.Kf1 e4 31.Qe5 Bc5 32.Ke1 Qf2+ 33.Kd2 Rfd8+ 34.Kc2 Qxe2+ 
35.Kb1 Rxd1+ 36.Ka2 Ra8# 0-1

[Event "N4-R7-  CASTRES/CAHORS"]
[Site "?"]
[Date "2005.04.03"]
[Round "?"]
[White "Buiten, Herman"]
[Black "Rouqual, Guy"]
[Result "1-0"]
[WhiteElo "1620"]
[BlackElo "1490"]
[PlyCount "81"]

1.b4 d6 2.Bb2 Nc6 3.a3 e5 4.Nf3 g6 5.e3 Bg7 6.Be2 Nh6 7.O-O O-O 8.d3 Nf5 
9.Nbd2 Re8 10.b5 Nce7 11.e4 Nh6 12.c4 f5 13.exf5 Nexf5 14.Ne4 Nf7 15.Ng3 
b6 16.Nxf5 Bxf5 17.Nd2 Qh4 18.Ne4 Bd7 19.Bf3 Ng5 20.Nxg5 Qxg5 21.Bxa8 Rxa8
22.Qf3 Qd8 23.Qd5+ Kh8 24.d4 a6 25.a4 Ra7 26.dxe5 Qg5 27.Bd4 a5 28.e6 Qxd5
29.Bxg7+ Kxg7 30.cxd5 Be8 31.Rac1 Kf6 32.Rfe1 Ke7 33.Re4 Kd8 34.Rc3 Ra8 
35.Rf4 Rc8 36.Rf8 Ke7 37.Rh8 h5 38.Rh7+ Kd8 39.Rf3 g5 40.Rf8 Rb8 41.Rd7+ 
1-0

[Event "N4-R7- Auch / Foix"]
[Site "?"]
[Date "2005.04.04"]
[Round "?"]
[White "marques, Michel"]
[Black "Molet, Patrice"]
[Result "0-1"]
[WhiteElo "1499"]
[BlackElo "1499"]
[EventDate "2005.??.??"]
[PlyCount "72"]

1.e4 d6 2.d4 Nf6 3.Nc3 g6 4.f4 Bg7 5.e5 dxe5 6.fxe5 Ng4 7.Be2 Nh6 8.g4 Nc6
9.Be3 e6 10.g5 Nf5 11.Qd2 Nxe3 12.Qxe3 Nxd4 13.Bd3 Nf5 14.Qf4 Qd4 15.Qxd4 
Nxd4 16.Nb5 Nxb5 17.Bxb5+ c6 18.Bd3 Bxe5 19.Nf3 Bxb2 20.Rd1 e5 21.O-O Bg4 
22.Rde1 Bxf3 23.Rxf3 Bd4+ 24.Kg2 O-O 25.Re4 Rae8 26.Rh4 Kg7 27.Rfh3 Rh8 
28.Rf3 Ref8 29.Be4 f5 30.gxf6+ Rxf6 31.Rhh3 Rhf8 32.Rxf6 Rxf6 33.c3 Bc5 
34.Rg3 Rf2+ 35.Kh3 Rxa2 36.Bf5 Re2 0-1

[Event "N4-R7- Tournefeuille / Montauban"]
[Site "?"]
[Date "2005.04.04"]
[Round "?"]
[White "Delpy, Pierre"]
[Black "Treinsoutrot, Victor"]
[Result "0-1"]
[WhiteElo "1620"]
[BlackElo "1290"]
[EventDate "2005.??.??"]
[PlyCount "104"]

1.e4 e6 2.d4 d5 3.Nd2 c5 4.exd5 Qxd5 5.Ngf3 cxd4 6.Bc4 Qa5 7.Nxd4 Nf6 8.
O-O Bd6 9.Nb5 Qd8 10.Nxd6+ Qxd6 11.Nf3 Qc7 12.b3 O-O 13.Bb2 Rd8 14.Qe2 Nc6
15.Rfd1 b6 16.Rxd8+ Nxd8 17.Ne5 Bb7 18.Ng4 Nxg4 19.Qxg4 f5 20.Qxf5 Qxc4 
21.Qe5 Qg4 22.g3 Nf7 23.Qe3 Qe4 24.Qxe4 Bxe4 25.c4 Rd8 26.h3 Rd2 27.Bc3 
Rc2 28.Bd4 Ng5 29.Be3 Nxh3+ 30.Kf1 Kf7 31.a3 Bf3 32.Ke1 Re2+ 33.Kf1 Rb2 
34.b4 Rc2 35.c5 bxc5 36.Bxc5 a6 37.Ke1 Re2+ 38.Kf1 Ke8 39.a4 Rc2 40.a5 Ng5
41.Ke1 Ne4 42.Be3 Rb2 43.Bd4 Rxb4 44.Bxg7 Kd7 45.Bh6 Kd6 46.Be3 Kd5 47.Rc1
Ra4 48.Bb6 Ra2 49.Bc7 Nxf2 50.Rb1 Nd3+ 51.Kf1 Rc2 52.Bb6 Rc1+ 0-1

[Event "N4-R7- Auch / Foix"]
[Site "?"]
[Date "2005.04.04"]
[Round "?"]
[White "Perez, Fabien"]
[Black "Blondelon, Paul"]
[Result "0-1"]
[WhiteElo "1199"]
[BlackElo "1470"]
[EventDate "2005.??.??"]
[PlyCount "86"]

1.e4 d6 2.Nf3 g6 3.d4 Bg7 4.Nc3 Nf6 5.e5 dxe5 6.dxe5 Qxd1+ 7.Nxd1 Ng4 8.
Bf4 Nc6 9.Ne3 Ngxe5 10.Bxe5 Nxe5 11.Nxe5 Bxe5 12.Nc4 Bg7 13.c3 O-O 14.Be2 
b6 15.O-O Ba6 16.Rfe1 Bxc4 17.Bxc4 e6 18.Rad1 Rad8 19.Rxd8 Rxd8 20.b4 Bxc3
21.Rb1 Rd4 22.Ba6 Rxb4 23.Rd1 Rd4 24.Rc1 Ra4 25.Bd3 Be5 26.Bc4 Bd4 27.Rc2 
c5 28.Bb3 Rb4 29.Bc4 Rb1+ 30.Bf1 f5 31.Re2 e5 32.g3 h5 33.Kg2 Kg7 34.Rd2 
e4 35.Re2 Kf6 36.h4 Rb2 37.Rxb2 Bxb2 38.a4 Ke5 39.Kh3 Kd4 40.Bb5 c4 41.Be8
c3 42.Bxg6 c2 43.Bxh5 c1=Q 0-1

[Event "N4-R7- Castel /Albi"]
[Site "?"]
[Date "2005.04.05"]
[Round "?"]
[White "Peccini, Jean-Pierre"]
[Black "Prieur, Axel"]
[Result "0-1"]
[WhiteElo "1520"]
[BlackElo "1580"]
[EventDate "2005.??.??"]
[PlyCount "78"]

1.c4 e5 2.Nc3 Nf6 3.d3 Bb4 4.Nf3 d6 5.Bg5 Nbd7 6.a3 Bxc3+ 7.bxc3 b6 8.e3 
c5 9.Be2 O-O 10.O-O Qc7 11.h3 e4 12.Nh2 exd3 13.Bxd3 Bb7 14.Qc2 Rfe8 15.
Rae1 h6 16.Bxf6 Nxf6 17.e4 Re7 18.Re3 Rae8 19.Rfe1 a6 20.Nf1 Nh5 21.Ng3 
Nxg3 22.Rxg3 d5 23.cxd5 Bxd5 24.c4 Bc6 25.Qd2 Qd6 26.Qb2 Qd4 27.Qxd4 cxd4 
28.f3 f5 29.Rg6 Re6 30.Rxe6 Rxe6 31.Kf2 fxe4 32.Bxe4 Bxe4 33.Rxe4 Rxe4 34.
fxe4 Kf7 35.Ke2 Ke6 36.g3 g5 37.a4 h5 38.Kd2 Ke5 39.Kd3 a5 0-1

[Event "N4 Castres-Rodez"]
[Site "Rodez"]
[Date "2005.04.11"]
[Round "2"]
[White "Fournier, Marcellin"]
[Black "Cuq, Christian"]
[Result "0-1"]
[WhiteElo "1420"]
[BlackElo "1610"]
[EventDate "2005.??.??"]
[PlyCount "66"]

1.d4 d5 2.Nf3 Nf6 3.Nbd2 Bf5 4.g3 e6 5.Bg2 Be7 6.O-O Nbd7 7.c4 O-O 8.b3 c5
9.Bb2 Rc8 10.Ne5 Nxe5 11.dxe5 Nd7 12.cxd5 exd5 13.e4 dxe4 14.Nxe4 Bxe4 15.
Bxe4 Qc7 16.f4 Rfd8 17.Qg4 Rf8 18.Bf5 Rcd8 19.Rad1 Nb6 20.Qf3 c4 21.Kh1 
Bb4 22.a3 Bd2 23.Bc3 Bxc3 24.Rxd8 Rxd8 25.Qxc3 Qc6+ 26.Qf3 Qc7 27.Bc2 c3 
28.Qe4 Qc6 29.Rc1 Qh6 30.Qxb7 Qh3 31.Qe7 Qc8 32.Qb4 Rd2 33.Qb5 Qa8+ 0-1

[Event "N4 Castres-Rodez"]
[Site "Rodez"]
[Date "2005.04.11"]
[Round "2"]
[White "Cremers, Bertrand"]
[Black "Ginouillac, Philippe"]
[Result "1-0"]
[WhiteElo "1520"]
[BlackElo "1499"]
[EventDate "2005.??.??"]
[PlyCount "38"]

1.e4 d5 2.exd5 Qxd5 3.Nc3 Qa5 4.d4 c6 5.Nf3 Bf5 6.Bd3 e6 7.O-O Bb4 8.Ne2 
Ne7 9.Ng3 Bg4 10.h3 Bxf3 11.Qxf3 Nd7 12.c3 Bd6 13.Ne4 Bb8 14.Bf4 Bxf4 15.
Qxf4 Qb6 16.Nd6+ Kd8 17.Nxf7+ Kc8 18.Nxh8 Qd8 19.Nf7 Qf8 1-0

[Event "N4 Albi-Cahors"]
[Site "Cahors"]
[Date "2005.04.12"]
[Round "3.8"]
[White "Lavabre, Bernard"]
[Black "Krasnobroda, Maurice"]
[Result "1-0"]
[WhiteElo "1560"]
[BlackElo "1499"]
[EventDate "2005.??.??"]
[PlyCount "171"]

1.d4 d5 2.Bf4 e6 3.e3 a6 4.Bd3 Nf6 5.Nf3 Bd6 6.Bg5 Be7 7.Nbd2 Nfd7 8.Bf4 
O-O 9.Ne5 Nxe5 10.Bxe5 Bf6 11.Bg3 Nc6 12.c3 e5 13.dxe5 Nxe5 14.Bxe5 Bxe5 
15.O-O Qf6 16.f4 Bd6 17.Qh5 h6 18.Qxd5 c6 19.Qe4 g6 20.Qf3 Bc7 21.Ne4 Qg7 
22.Rf2 Be6 23.Nc5 Bc8 24.Raf1 Re8 25.Bc4 Re7 26.e4 Bb6 27.b4 Bxc5 28.bxc5 
Be6 29.Bxe6 Rxe6 30.e5 Rae8 31.Qd3 Qf8 32.Qc4 Rd8 33.Rb2 Qe7 34.Rfb1 Rd7 
35.Rb6 Kg7 36.g3 h5 37.h4 Rc7 38.Rd1 Qe8 39.Rd6 Qc8 40.Qd4 Qe8 41.Rb1 Kh6 
42.Rd1 Qe7 43.Qd2 Kh7 44.Qd3 Kh6 45.Kf2 Kg7 46.a4 Kh6 47.Re1 Kg7 48.a5 Kh6
49.Qd4 Kh7 50.Qe4 Kg7 51.Re3 Kg8 52.Kg2 Kg7 53.f5 gxf5 54.Qxf5 Kh6 55.Kf3 
Rc8 56.Rxe6+ Qxe6 57.Qg5+ Kh7 58.Qxh5+ Kg7 59.Qg5+ Qg6 60.Qxg6+ Kxg6 61.e6
fxe6 62.Rxe6+ Kf5 63.Re7 Rb8 64.g4+ Kf6 65.Rd7 Ke6 66.Rd6+ Ke5 67.Rd7 Ke6 
68.Rd6+ Ke5 69.Rd7 Rf8+ 70.Ke3 Rf4 71.Re7+ Kf6 72.Kxf4 Kxe7 73.g5 Kf7 74.
Kf5 Kg7 75.h5 Kf7 76.h6 Kg8 77.g6 Kf8 78.Kf6 Kg8 79.h7+ Kh8 80.c4 b5 81.
cxb6 c5 82.g7+ Kxh7 83.b7 Kg8 84.b8=Q+ Kh7 85.g8=Q+ Kh6 86.Qg6# 1-0

[Event "N4 Albi-Cahors"]
[Site "Cahors"]
[Date "2005.04.12"]
[Round "3.7"]
[White "Daourbekov, Saïd"]
[Black "Houmeau, Dominique"]
[Result "1-0"]
[WhiteElo "1499"]
[BlackElo "1500"]
[EventDate "2005.??.??"]
[PlyCount "58"]

1.e4 e5 2.Bc4 Be7 3.Nf3 d6 4.h3 Nf6 5.Nc3 a6 6.d3 b5 7.Bb3 Bb7 8.Bg5 c5 9.
Bxf6 Bxf6 10.a4 b4 11.Nd5 Nd7 12.a5 Rc8 13.Qd2 Nb8 14.Nb6 Rc7 15.O-O O-O 
16.c3 Nc6 17.Bd5 Re7 18.Bxc6 Bxc6 19.cxb4 cxb4 20.Qxb4 Rb7 21.Qc4 Bb5 22.
Qd5 Qb8 23.b3 Bd8 24.Nc4 Bxc4 25.bxc4 Be7 26.Qc6 Rc8 27.Qxa6 Rc5 28.d4 
exd4 29.Nxd4 Rb4 1-0

[Event "N4 Lardenne-EVT"]
[Site "EVT"]
[Date "2005.10.16"]
[Round "1.8"]
[White "Taib, Marcel"]
[Black "Charifi, Ali"]
[Result "0-1"]
[WhiteElo "1650"]
[BlackElo "1499"]
[EventDate "2005.??.??"]
[PlyCount "66"]

1.d4 d5 2.c4 Nf6 3.Nc3 Bf5 4.Bg5 dxc4 5.Bxf6 gxf6 6.e3 Rg8 7.g3 Bg4 8.f3 
Bh5 9.Bxc4 c6 10.Qb3 Qb6 11.Qxb6 axb6 12.d5 Na6 13.Bxa6 Rxa6 14.Kf2 f5 15.
Nge2 e5 16.Rhd1 Rg6 17.a3 Rd6 18.Rd2 Kd7 19.Rad1 Bg6 20.h3 Kc7 21.g4 Ra5 
22.Ng3 f4 23.exf4 exf4 24.Nge4 Bxe4 25.fxe4 Bg7 26.Rd3 Be5 27.Kf3 f6 28.b4
Ra8 29.b5 c5 30.Ra1 c4 31.Rdd1 Bxc3 32.Ra2 Be5 33.a4 c3 0-1

[Event "N4 Colomiers-Castres"]
[Site "Castres"]
[Date "2005.10.16"]
[Round "1"]
[White "Guillat, Yvon"]
[Black "Mouret, Arnaud"]
[Result "1-0"]
[WhiteElo "1370"]
[BlackElo "1499"]
[EventDate "2005.??.??"]
[PlyCount "183"]

1.e4 e5 2.Bc4 Nc6 3.Nc3 Nf6 4.d3 h6 5.h3 a5 6.a3 Bc5 7.Nf3 d6 8.O-O O-O 9.
Re1 Re8 10.Be3 Bxe3 11.Rxe3 Nd4 12.Re1 Nxf3+ 13.Qxf3 Bd7 14.Rad1 Bc6 15.
Rd2 Qe7 16.Rde2 Rad8 17.Nd5 Nxd5 18.exd5 Bd7 19.d4 Qf6 20.Qg3 exd4 21.Bd3 
Rxe2 22.Rxe2 Bf5 23.Qf4 Bxd3 24.Qxf6 gxf6 25.cxd3 c5 26.dxc6 bxc6 27.Kf1 
Kf8 28.f3 Re8 29.Rc2 c5 30.Kf2 Rb8 31.Kg3 Kg7 32.Kf4 Kg6 33.g4 Rb3 34.Rd2 
a4 35.h4 Kg7 36.Ke4 Kg6 37.Rg2 Kg7 38.h5 Kf8 39.Rd2 Kg7 40.Kd5 Rb6 41.Re2 
Rb3 42.Rd2 Rb6 43.f4 Kh7 44.Ke4 Kg7 45.Kf3 Kh7 46.Ke2 Rb7 47.Kd1 Re7 48.
Rg2 Re3 49.Kd2 Kg7 50.f5 Kf8 51.Kc2 Ke7 52.Kd2 Kd7 53.Kc2 Kc6 54.Kd2 Kb5 
55.Rf2 Rg3 56.Rf4 Rg2+ 57.Kc1 Rg1+ 58.Kc2 Kc6 59.Kd2 d5 60.Kc2 Kd6 61.Kd2 
Ke5 62.Rf2 Rxg4 63.Kc2 Rg5 64.b3 axb3+ 65.Kxb3 Kd6 66.a4 Kc7 67.a5 Kb7 68.
Ka4 Ka6 69.Rb2 Rg1 70.Rb6+ Ka7 71.Rxf6 c4 72.Rxf7+ Ka6 73.Rf6+ Ka7 74.dxc4
d3 75.Rd6 d2 76.Rxd5 d1=Q+ 77.Rxd1 Rxd1 78.Kb5 Rb1+ 79.Kc6 Ra1 80.Kd6 Rxa5
81.c5 Kb7 82.f6 Ra6+ 83.Ke7 Kc6 84.f7 Ra7+ 85.Kf6 Ra8 86.Kg7 Ra7 87.Kg8 
Ra8+ 88.f8=Q Rxf8+ 89.Kxf8 Kxc5 90.Kg7 Kd6 91.Kxh6 Ke7 92.Kg7 1-0

[Event "N4 Castel/Moissac-Auch"]
[Site "Castel/Moissac"]
[Date "2005.10.16"]
[Round "1"]
[White "Solirene, Christophe"]
[Black "Tillol, Jean-Claude"]
[Result "0-1"]
[WhiteElo "1499"]
[BlackElo "1600"]
[EventDate "2005.??.??"]
[PlyCount "80"]

1.d4 d5 2.c4 c5 3.dxc5 Nf6 4.Bg5 Ne4 5.Nf3 Qa5+ 6.Nbd2 Qxc5 7.Be3 Qa5 8.
cxd5 Qxd5 $2 9.Qa4+ $18 Nc6 10.Qxe4 Qb5 11.Qc2 Bf5 12.Qb3 Qa6 13.Nd4 Na5 
14.Qb5+ Qxb5 15.Nxb5 Rc8 16.Bxa7 e6 17.Bb6 Bb4 $2 18.Bxa5 Bxa5 19.Nd6+ Ke7
20.Nxc8+ Rxc8 21.e3 Rd8 22.f3 $4 Rxd2 $14 23.e4 Bg6 24.Be2 Rxb2+ 25.Kf2 
Bb6+ 26.Kf1 f5 27.h4 h5 28.Rh3 f4 29.g3 e5 30.gxf4 exf4 31.Rh2 Bf7 32.Rg2 
Bd4 33.Rd1 Be5 34.Bd3 Rxa2 35.Rxa2 Bxa2 36.Ke2 Bf6 37.Rh1 Kd6 38.Kf2 Kc5 
39.Ke2 b5 $15 40.Ra1 $4 Bxa1 0-1

[Event "N4 Castel/Moissac-Auch"]
[Site "Castel/Moissac"]
[Date "2005.10.16"]
[Round "1"]
[White "Pokee, Anne"]
[Black "Riviere, Frederic"]
[Result "1-0"]
[WhiteElo "2006"]
[BlackElo "1900"]
[EventDate "2005.??.??"]
[PlyCount "35"]

1.e4 e5 2.Nf3 d6 3.d4 exd4 4.Bc4 Be6 $6 
    ( 4...Nc6 )
5.Bxe6 fxe6 6.Nxd4 Qf6 7.c3 Ne7 $2 8.Qb3 $18 Qg6 9.Qxb7 Qxg2 10.Rf1 Nec6 
11.Qxa8 Qxe4+ 12.Be3 Kd7 13.Qb7 Be7 14.Nd2 Qd3 15.Qb5 Qg6 16.N2b3 Rf8 17.
Nxc6 Nxc6 18.Nd4 1-0

[Event "N4 Castel/Moissac-Auch"]
[Site "Castel/Moissac"]
[Date "2005.10.16"]
[Round "1"]
[White "Lacroix, Romain"]
[Black "Levieux, Pascal"]
[Result "0-1"]
[WhiteElo "2081"]
[BlackElo "2083"]
[EventDate "2005.??.??"]
[PlyCount "68"]

1.e4 Nf6 2.e5 Nd5 3.d4 d6 4.c4 Nb6 5.exd6 exd6 6.Nc3 Be7 7.Be3 O-O 8.Bd3 
Nc6 9.Nge2 Nb4 10.O-O Nxd3 11.Qxd3 c6 12.f4 
    ( 12.d5 $1 c5 
        ( 12...cxd5 13.Bxb6 axb6 14.Nxd5 b5 15.cxb5 $16 )
    13.Rae1 Re8 14.Ng3 Nd7 15.Bf4 $16 )
12...d5 13.c5 Nd7 14.f5 b6 15.b4 a5 16.a3 Ba6 17.Qc2 Re8 18.Bf4 Bf6 19.
Rad1 axb4 20.axb4 Bc4 21.Rf2 Ra3 22.Bd6 bxc5 23.bxc5 Qa5 24.Qb2 Rb3 25.Qa1
Qxa1 26.Rxa1 Rxc3 27.Nxc3 Bxd4 28.g3 Bxc3 29.Ra7 Nf6 30.Rc2 Bd4+ 31.Kg2 
Ng4 32.Rc1 h5 33.Kh3 Re2 34.Rh1 Nf2+ 0-1

[Event "N4 Castel/Moissac-Auch"]
[Site "Castel/Moissac"]
[Date "2005.10.16"]
[Round "1"]
[White "Join, Etienne"]
[Black "Sangoi, Jean-Jacques"]
[Result "1-0"]
[WhiteElo "1790"]
[BlackElo "1760"]
[EventDate "2005.??.??"]
[PlyCount "103"]

1.e4 c5 2.Nf3 d6 3.d4 cxd4 4.Nxd4 Nc6 5.Bb5 Bd7 6.c3 Nf6 7.Qa4 Ne5 8.Bxd7+
Qxd7 9.Qxd7+ Nfxd7 10.Ke2 a6 11.Be3 Nc4 12.b3 Nxe3 13.Kxe3 Rc8 14.c4 g6 
15.Nc3 Bg7 16.Rad1 O-O 17.Nd5 Rfe8 18.Nf3 Bh6+ 19.Ke2 Bg7 20.h4 Nc5 21.Nd2
e6 22.Nf4 Rcd8 23.g4 h6 24.Nd3 b6 25.Nxc5 dxc5 26.Nf3 Kf8 27.Rxd8 Rxd8 28.
Rd1 Bd4 $2 29.e5 Ke7 30.Nxd4 cxd4 $16 {la finale de tours est tres bonne 
pour les blancs} 31.f4 f5 32.gxf5 gxf5 33.Rg1 $5 Kf7 
    ( 33...d3+ 34.Kd2 Rd4 $132 )
34.Kd3 a5 35.a4 Rd7 36.h5 $5 Rd8 37.Rg6 $18 Rh8 38.Kxd4 Rd8+ 39.Kc3 Rd1 $1
{activation de la tour trop tardive} 40.Rxh6 Rf1 41.Rh7+ Kf8 42.h6 Rxf4 
43.Rb7 Rh4 44.h7 Rh6 45.Rxb6 Kg7 46.Rb7+ Kg6 47.c5 f4 48.Kd2 Kf5 49.c6 Ke4
50.c7 Rxh7 51.c8=Q Rh2+ 52.Ke1 1-0

[Event "N4 Castel/Moissac-Auch"]
[Site "Castel/Moissac"]
[Date "2005.10.16"]
[Round "1"]
[White "Catala, Laurent"]
[Black "Rouede, Gilbert"]
[Result "0-1"]
[WhiteElo "1810"]
[BlackElo "1829"]
[EventDate "2005.??.??"]
[PlyCount "56"]

1.e4 c5 2.Nf3 d6 3.d4 cxd4 4.Nxd4 Nf6 5.Nc3 a6 6.Be2 g6 7.Be3 Bg7 8.O-O 
O-O 9.f4 Qc7 10.f5 Nc6 11.g4 Ne5 12.g5 Nfd7 13.Nd5 $14 Qd8 14.fxg6 hxg6 
15.h4 Nc5 16.Bf3 b5 17.Bf4 $2 Nxf3+ 18.Rxf3 $6 Bg4 
    ( 18...Bb7 $1 19.Ne2 Nxe4 20.c3 e6 $19 )
19.Nc6 Qd7 20.Ncxe7+ Kh8 21.c3 $6 Rae8 22.Qf1 Bxf3 23.Qxf3 Rxe7 24.Nxe7 
Qxe7 25.Rd1 Qxe4 26.Kf2 Qc2+ 27.Kg3 Ne4+ 28.Kh3 Nf2+ 0-1

[Event "N4 Castel/Moissac-Auch"]
[Site "Castel/Moissac"]
[Date "2005.10.16"]
[Round "1"]
[White "Bougouin, Blaise"]
[Black "Vainguier, Guillaume"]
[Result "0-1"]
[WhiteElo "1620"]
[BlackElo "1760"]
[EventDate "2005.??.??"]
[PlyCount "74"]

1.Nf3 d5 2.d4 Nf6 3.Nc3 h6 4.e3 e6 5.a3 c5 6.Be2 Nc6 7.O-O Be7 8.b3 O-O 9.
Bb2 a6 10.Na4 Ne4 11.Bd3 b6 12.c4 Bb7 13.Qc2 cxd4 14.Nxd4 Nc5 15.Nxc5 bxc5
16.Nxc6 Bxc6 17.Rfd1 Qb6 18.cxd5 Bxd5 19.Bc4 Rfd8 20.Bxd5 exd5 21.Bc3 Rd7 
22.Rab1 Rc8 23.Qf5 Qe6 24.Qf3 Qg6 25.Rbc1 Qe6 26.Qg3 d4 27.exd4 cxd4 28.
Bb2 Rxc1 29.Rxc1 Bg5 
    ( 29...Qe2 $19 30.Ba1 Bf8 31.f4 d3 32.Re1 Qh5 33.Qf3 Qxf3 34.gxf3 Bxa3
    35.Rd1 f5 )
30.Rc8+ Kh7 31.Qd3+ Qg6 32.Qxg6+ Kxg6 33.Rc6+ f6 34.g3 d3 35.Bc3 Bc1 $2 
    ( 35...d2 )
36.Bxf6 gxf6 $2 
    ( 36...Bxa3 )
37.Rxc1 Kf5 {les blancs tombent au tps} 0-1

[Event "N4 Cahors-Rodez"]
[Site "Cahors"]
[Date "2005.10.16"]
[Round "1.8"]
[White "Cremers, Bertrand"]
[Black "Houmeau, Dominique"]
[Result "0-1"]
[WhiteElo "1520"]
[BlackElo "1500"]
[EventDate "2005.??.??"]
[PlyCount "114"]

1.e4 e5 2.Nf3 d6 3.d4 exd4 4.Nxd4 Nf6 5.Nc3 Be7 6.Be2 Bd7 7.O-O O-O 8.Bg5 
Nc6 9.Qd2 Ne5 10.h3 Qc8 11.Rad1 Re8 12.f4 Ng6 13.f5 Ne5 14.Bxf6 Bxf6 15.
Nd5 Be7 16.f6 Bf8 17.fxg7 Bxg7 18.Qg5 Qd8 19.Qg3 Ng6 20.Bf3 c6 21.Nf4 Qb6 
22.c3 Be5 23.Kh1 Bxf4 24.Qf2 Be6 25.g3 Be5 26.Bg4 Qc7 27.Nf5 d5 28.exd5 
Bxd5+ 29.Rxd5 cxd5 30.Nh6+ Kf8 31.Nxf7 Kg7 32.Nxe5 Qxe5 33.Qf7+ Kh8 34.Kg2
Re7 35.Qf2 b6 36.Bf3 Rf8 37.Rd1 Ref7 38.Rd3 Rf6 39.Qd4 Qxd4 40.cxd4 Ne7 
41.h4 Rc8 42.Rd2 Rc1 43.Rf2 Kg7 44.Re2 Kf8 45.g4 Kf7 46.Kg3 Rfc6 47.Kf4 
Rf6+ 48.Kg3 Rd1 49.g5 Rc6 50.Kf4 Rxd4+ 51.Kg3 Rcc4 52.Rh2 Nf5+ 53.Kf2 Rc2+
54.Be2 Rxh4 55.Rg2 Nd4 56.Ke3 Rxe2+ 57.Rxe2 Nxe2 0-1

[Event "N4 Albi-Sainte Foy"]
[Site "Albi"]
[Date "2005.10.16"]
[Round "1"]
[White "Moreau, Emilien"]
[Black "Lopez, Jacky"]
[Result "1-0"]
[WhiteElo "1500"]
[BlackElo "1470"]
[EventDate "2005.??.??"]
[PlyCount "85"]

1.e4 e5 2.Nf3 Nc6 3.Bb5 a6 4.Ba4 Nf6 5.O-O b5 6.Bb3 Be7 7.Re1 O-O 8.d3 Na5
9.Nxe5 Nxb3 10.axb3 Bb7 11.Nf3 d6 12.Nbd2 c5 13.Nf1 Re8 14.Ng3 Bc8 15.Bf4 
Bf8 16.Qd2 Ra7 17.Qa5 Qxa5 18.Rxa5 g6 19.e5 Nd5 20.Bd2 Be6 21.exd6 Bxd6 
22.Ne4 Be7 23.Neg5 Nc7 24.Nxe6 Nxe6 25.Bg5 Bxg5 26.Nxg5 Kg7 27.Nxe6+ fxe6 
28.Re5 c4 29.bxc4 bxc4 30.dxc4 Rd8 31.Kf1 Kf6 32.Ke2 Rad7 33.Re3 Rd2+ 34.
Kf3 R2d6 35.Rc3 e5 36.c5 Rc6 37.b4 Rd4 38.b5 axb5 39.Rxb5 Kg5 40.Rb6 Rxb6 
41.cxb6 Rb4 42.Rb3 Rf4+ 43.Ke3 1-0

[Event "N4 Albi-Sainte Foy"]
[Site "Albi"]
[Date "2005.10.16"]
[Round "1"]
[White "Debaralle, Michel"]
[Black "Deliot, Philippe"]
[Result "1/2-1/2"]
[WhiteElo "1610"]
[BlackElo "1540"]
[EventDate "2005.??.??"]
[PlyCount "109"]

1.d4 d5 2.c4 c6 3.Nc3 Nf6 4.Bg5 h6 5.Bd2 Bf5 6.Nf3 Nbd7 7.e3 e6 8.cxd5 
cxd5 9.Rc1 a6 10.Be2 Bd6 11.O-O O-O 12.h3 Rc8 13.Qb3 b5 14.a3 Nb6 15.Qa2 
Re8 16.b3 e5 17.dxe5 Bxe5 18.Nxe5 Rxe5 19.Bf3 Be6 20.Ne2 Ne4 21.Ba5 Qd6 
22.Nd4 Ng5 23.Rxc8+ Nxc8 24.Rc1 Nxf3+ 25.Nxf3 Rh5 26.Bc7 Qd7 27.Ne5 Qe7 
28.Qe2 Qxa3 29.Rc6 Rg5 30.h4 Rf5 31.Qd1 Qb2 32.Nf3 Qa3 33.Nd4 Ne7 34.Bd6 
Qa2 35.Rc2 Qa5 36.Bxe7 Re5 37.Nxe6 fxe6 38.Rc8+ Kf7 39.Bd6 Rf5 40.Rf8+ Kg6
41.Rxf5 exf5 42.h5+ Kh7 43.g3 Qa2 44.Qxd5 Qb1+ 45.Kg2 Kh8 46.Be5 Kh7 47.
Qf7 Qe4+ 48.Kh2 Qxe5 49.Qg6+ Kh8 50.Qxa6 b4 51.Qc8+ Kh7 52.Qc4 Qc3 53.Qe6 
Qc2 54.Kg2 Qc5 55.Qg6+ 1/2-1/2